000 01318cam a22003497a 4500
003 CHAP
005 20220329142457.0
008 010531d1999 mx r 00110 spa d
010 _a84025
011 _a84997
035 _a95523
040 _cCHAP
090 _aTesis
100 0 0 _aGuzmán Gutiérrez, Hector.
_951957
245 1 0 _aEvaluación de la efectividad biológica del herbicida Flazasulfuron (SL-160) + Ametrina para el control de malezas en caña de azúcar
_c/por Hector Guzmán Gutiérrez
260 _aCocula, Gro. :
_bEl autor,
_c1999.
300 _a59 h.
_bgráfs.
502 _aTesis (Ing. Agr. Fitotecnista) -- Colegio Superior Agropecuario del Estado de Guerrero. Centro de Estudios Profesionales
590 _aALEPH
_b10
_c20130110
_lUCH01
_h1442
590 _aBATCH-UPD
_b10
_c20130110
_lUCH01
_h0737
590 _aBATCH-UPD
_b10
_c20130410
_lUCH01
_h0419
590 _aBATCH-UPD
_b10
_c20130914
_lUCH01
_h0316
590 _aBATCH-UPD
_b10
_c20130914
_lUCH01
_h2135
590 _aCONVERSION
_b10
_c20130109
_lUCH01
_h1347
650 1 4 _aAmetrina.
_95326
650 1 4 _aCaña de azúcar
_xMalas hierbas
_xControl.
_918625
650 2 4 _aHerbicidas
_xEfecto en plantas.
_953696
901 _aBK
905 _aMayto Villalobos S.
942 _cTESIS
949 _aTesis
_bBC
_cTES
_d95523
_eTS1
_h38100
_i95523
_sb
999 _c84025
_d84025